MCU all movies and tv shows - Statistics

General Stats
  • This quiz has been taken 113 times
  • The average score is 31 of 63
Answer Stats
Year Movie/Tv show % Correct
2008 Iron Man
99%
2010 Iron Man 2
93%
2011 Thor
84%
2013 Iron Man 3
82%
2011 Captain America: The First Avenger
80%
2012 The Avengers
73%
2013 Thor: The Dark World
68%
2021 Spider-Man: No Way Home
67%
2016 Captain America: Civil War
65%
2019 Spider-Man: Far From Home
64%
2019 Avengers: Endgame
63%
2018 Avengers: Infinity War
63%
2021 Black Widow
63%
2016 Doctor Strange
63%
2017 Spider-Man: Homecoming
63%
2019 Captain Marvel
61%
2017 Thor: Ragnarok
61%
2015 Ant-Man
60%
2014 Captain America: The Winter Soldier
60%
2014 Guardians of the Galaxy
60%
2021 WandaVision
60%
2015 Avengers: Age of Ultron
59%
2018 Black Panther
59%
2021 Loki
59%
2018 Ant-Man and the Wasp
57%
2021 Eternals
56%
2017 Guardians of the Galaxy vol.2
56%
2021 Hawkeye
56%
2022 Thor: Love and Thunder
56%
2022 Black Panther: Wakanda Forever
55%
2026 Avengers: Doomsday
53%
2021 The Falcon and the Winter Soldier
53%
2023 Guardians of the Galaxy vol.3
52%
2022 Moon Knight
52%
2026 Spider-Man: Brand New Day
52%
2024 Deadpool and Wolverine
51%
2025 Thunderbolts*
50%
2025 Captain America: Brave New World
48%
2022 Doctor Strange in the Multiverse of Madness
48%
2023 The Marvels
48%
2027 Avengers: Secret Wars
47%
2023 Ant-Man and the Wasp: Quantumania
44%
2025 Fantastic Four: First Steps
43%
2022 Ms Marvel
43%
2021 What if...?
43%
2021 Shang-Chi and the Legend of the Ten Rings
42%
2025 Daredevil: Born Again
41%
2025 Ironheart
39%
2022 She-Hulk: Attorney at Law
38%
2023 Secret Invasion
36%
2024 Agatha All Along
35%
2024 Echo
35%
2026 Wonder Man
33%
2022 Guardians of the Galaxy: Holiday Special
26%
2025 Marvel Zombies
25%
2022 Werewolf By Night
25%
2025 Eyes of Wakanda
20%
2023 Loki season 2
20%
2026 Vision Quest
19%
2025 Your Friendly Neighborhood Spider-Man
15%
2008 The Incerdible Hulk
2%
2026 Daredevil: Born Again season 2&3
0%
2023 What if...? season 2&3
0%
No matching quizzes found
Score Distribution
Percent of People with Each Score
Percentile by Number Answered
Your Score History
You have not taken this quiz